| 000 | 00893nam a2200253 u 4500 | ||
|---|---|---|---|
| 003 | MX-MxUPN | ||
| 005 | 20220812063752.0 | ||
| 008 | 101209s2009 es r 000 0 spa d | ||
| 020 | _a9788478277667 | ||
| 035 | _aUPN01000178921 | ||
| 040 |
_aMX-MxUPN _bspa _cMX-MxUPN |
||
| 049 | _aCG | ||
| 050 | 4 |
_aLC215 _bA6.7 |
|
| 245 | 0 | 0 |
_aAprendizaje servicio (ApS) : _beducación y compromiso cívico / _ccoord. Josep M. Puig ; Roser Batlle ... [et al.]. |
| 260 |
_aBarcelona, Esp. : _bGraó, _c2009 |
||
| 300 | _a168 p. | ||
| 440 | 0 |
_aCrítica y fundamentos. _pAcción comunitaria/educación para la ciudadanía ; _v26 |
|
| 650 | 4 |
_aComunidad y escuela _99258 |
|
| 650 | 4 |
_aServicio comunitario de estudiantes _917704 |
|
| 650 | 4 |
_aAprendizaje por experiencia _917926 |
|
| 700 | 1 |
_aPuig Rovira, Josep María, _d1951- _ecoord. _929430 |
|
| 700 | 1 |
_aBatlle Suñer, Roser, _ecoaut. |
|
| 905 | _aLibro | ||
| 999 |
_c151024 _d151024 |
||